យក្សតូច ឈប់ហើយ / (Record no. 1535)

MARC details
000 -LEADER
fixed length control field 01701nam a22003017a 4500
001 - CONTROL NUMBER
control field 1535
003 - CONTROL NUMBER IDENTIFIER
control field FISKH
005 - DATE AND TIME OF LATEST TRANSACTION
control field 20230905123541.0
008 - FIXED-LENGTH DATA ELEMENTS--GENERAL INFORMATION
fixed length control field 230905b cb ||||| |||| 00| 0 khr d
020 ## - INTERNATIONAL STANDARD BOOK NUMBER
International Standard Book Number 9789924340515
040 ## - CATALOGING SOURCE
Original cataloging agency FISKH
Language of cataloging eng
Transcribing agency FISKH
Modifying agency FISKH
082 ## - DEWEY DECIMAL CLASSIFICATION NUMBER
Classification number 001.944
100 ## - MAIN ENTRY--PERSONAL NAME
Personal name Rotha, Ouk
245 ## - TITLE STATEMENT
Title យក្សតូច ឈប់ហើយ /
Statement of responsibility, etc. និពន្ធនិងគូររូបដោយ អ៊ុក រដ្ឋា
250 ## - EDITION STATEMENT
Edition statement បោះពុម្ពលើកទី៤​ កក្កដា ២០២២​​
260 ## - PUBLICATION, DISTRIBUTION, ETC.
Place of publication, distribution, etc. Phnom Penh :
Name of publisher, distributor, etc. Sipar,
Date of publication, distribution, etc. 2022.
300 ## - PHYSICAL DESCRIPTION
Extent 23 pages :
Other physical details color illustrations ;
Dimensions 24 cm
490 ## - SERIES STATEMENT
Series statement រឿងដំបូងៗ
505 ## - FORMATTED CONTENTS NOTE
Formatted contents note G
520 ## - SUMMARY, ETC.
Summary, etc. យក្សតូចចូលទៅកាប់ដើមឈើ ក្នុងព្រៃមួយ។ បង្កួយឃាត់តែ យក្សតូចមិនព្រមស្ដាប់ឡើយ។ នៅពេលដែលយក្សតូចកាប់ មេឃក៏ចាប់ផ្ដើមក្ដៅ ហើយបឹងក៏ចាប់ផ្ដើមរីង ដីក៏ចាប់ផ្ដើមប្រេះបែក។
520 ## - SUMMARY, ETC.
Summary, etc. A small giant goes to cut down a tree in a forest. Iguana​​ stopped, but the little giant refused to listen. When the giants cut the sky, it began to heat up and the lake began to dry up and the ground began to crack.
521 8# - TARGET AUDIENCE NOTE
Target audience note 380<br/>
Source Lexile estimate <br/>
521 8# - TARGET AUDIENCE NOTE
Target audience note G <br/>
Source Raz-Plus <br/>
650 ## - SUBJECT ADDED ENTRY--TOPICAL TERM
Topical term or geographic name entry element យក្ស
Form subdivision កាប់
General subdivision ធម្មជាតិ
Chronological subdivision ដើមឈើ
650 ## - SUBJECT ADDED ENTRY--TOPICAL TERM
Topical term or geographic name entry element Giant
Form subdivision Cut
General subdivision Nature
Chronological subdivision Tree
700 ## - ADDED ENTRY--PERSONAL NAME
Personal name Rotha, Ouk
Relator term illustrator
942 ## - ADDED ENTRY ELEMENTS (KOHA)
Source of classification or shelving scheme Dewey Decimal Classification
Koha item type Books
Suppress in OPAC No
Holdings
Withdrawn status Lost status Source of classification or shelving scheme Damaged status Not for loan Collection Home library Current library Shelving location Date acquired Total Checkouts Full call number Barcode Date last seen Date last checked out Copy number Price effective from Koha item type
    Dewey Decimal Classification     Khmer Language Books / សៀវភៅភាសាខ្មែរ Footprints International School Library Network Toul Kork Campus Footprints International School Library Network Toul Kork Campus TK Campus, Room B402, Khmer Book Case 16, Shelves 112-123 / ទូរសៀវភៅខ្មែរលេខ ១៦​ ធ្នើរ ១១២ ដល់ ១២៣ បន្ទប់ B402 សាខាទួលគោក 09/05/2023 2 ROT 001.944 2023-0476 02/02/2026 01/13/2026 1 09/05/2023 Books
    Dewey Decimal Classification     Khmer Language Books / សៀវភៅភាសាខ្មែរ Footprints International School Library Network Toul Kork Campus Footprints International School Library Network Toul Kork Campus TK Campus, Room B402, Khmer Book Case 16, Shelves 112-123 / ទូរសៀវភៅខ្មែរលេខ ១៦​ ធ្នើរ ១១២ ដល់ ១២៣ បន្ទប់ B402 សាខាទួលគោក 09/05/2023   ROT 001.944 2023-0477 09/05/2023   2 09/05/2023 Books